5HLuxD.jpg

KING HENRY VIII SENIOR AND PRIMARY SCHOOL LIBRARY OPAC

The Kingdom of Back / (Record no. 5109)

000 -LEADER
fixed length control field 01890nam a22003498i 4500
001 - CONTROL NUMBER
control field ocn1084629401
003 - CONTROL NUMBER IDENTIFIER
control field OCoLC
005 - DATE AND TIME OF LATEST TRANSACTION
control field 20250618140758.0
008 - FIXED-LENGTH DATA ELEMENTS--GENERAL INFORMATION
fixed length control field 200311s2020 nyu d 000 1 eng d
010 ## - LIBRARY OF CONGRESS CONTROL NUMBER
LC control number 2019002623
020 ## - INTERNATIONAL STANDARD BOOK NUMBER
International Standard Book Number 9780593110591
040 ## - CATALOGING SOURCE
Original cataloging agency DLC
Language of cataloging eng
Description conventions rda
Transcribing agency DLC
Modifying agency OCLCO
-- OCLCF
-- BDX
-- YDX
-- ZQP
-- OCLCA
-- OCL
-- ZGD
-- RNL
-- UWB
-- ILC
-- OCLCO
-- IUK
-- NYP
-- CaOL
-- KH8
082 ## - DEWEY DECIMAL CLASSIFICATION NUMBER
Classification number FIC LU
100 1# - MAIN ENTRY--PERSONAL NAME
Personal name Lu, Marie,
Dates associated with a name 1984-
Relator term author.
245 14 - TITLE STATEMENT
Title The Kingdom of Back /
Statement of responsibility, etc. Marie Lu.
264 #1 - PRODUCTION, PUBLICATION, DISTRIBUTION, MANUFACTURE, AND COPYRIGHT NOTICE
Place of production, publication, distribution, manufacture New York :
Name of producer, publisher, distributor, manufacturer G. P. Putnam's Sons,
Date of production, publication, distribution, manufacture, or copyright notice [2020]
264 #4 - PRODUCTION, PUBLICATION, DISTRIBUTION, MANUFACTURE, AND COPYRIGHT NOTICE
Date of production, publication, distribution, manufacture, or copyright notice ©2020.
300 ## - PHYSICAL DESCRIPTION
Extent 313 pages :
Dimensions 21 cm.
336 ## - CONTENT TYPE
Content type term text
Content type code txt
Source rdacontent.
337 ## - MEDIA TYPE
Media type term unmediated
Media type code n
Source rdamedia.
338 ## - CARRIER TYPE
Carrier type term volume
Carrier type code nc
Source rdacarrier.
500 ## - GENERAL NOTE
General note Maps on endpapers..
520 ## - SUMMARY, ETC.
Summary, etc. Born with a gift for music, Nannerl Mozart has just one wish: to be remembered forever. She delights audiences with her masterful playing, but has little hope she'll ever become the acclaimed composer she longs to be. She is a young woman in 18th century Europe, and that means composing is forbidden to her. She will perform only until she reaches a marriageable age-- her tyrannical father has made that much clear. Meanwhile the talents of her beloved younger brother, Wolfgang, shine brighter. His brilliance begins to eclipse her own, until one day a mysterious stranger from a magical land appears with an irresistible offer. He has the power to make her wish come true-- but his help may cost her everything. -- adapted from jacket.
600 10 - SUBJECT ADDED ENTRY--PERSONAL NAME
Personal name Berchtold zu Sonnenburg, Maria Anna Mozart,
Titles and other words associated with a name Reichsfreiin von,
Dates associated with a name 1751-1829
Form subdivision Fiction.
600 10 - SUBJECT ADDED ENTRY--PERSONAL NAME
Personal name Mozart, Wolfgang Amadeus,
Dates associated with a name 1756-1791
Form subdivision Fiction.
600 10 - SUBJECT ADDED ENTRY--PERSONAL NAME
Personal name Mozart, Leopold,
Dates associated with a name 1719-1787
Form subdivision Fiction.
650 #0 - SUBJECT ADDED ENTRY--TOPICAL TERM
Topical term or geographic name entry element Musicians
Form subdivision Fiction.
650 #0 - SUBJECT ADDED ENTRY--TOPICAL TERM
Topical term or geographic name entry element Siblings
Form subdivision Fiction.
650 #0 - SUBJECT ADDED ENTRY--TOPICAL TERM
Topical term or geographic name entry element Magic
Form subdivision Fiction.
650 #7 - SUBJECT ADDED ENTRY--TOPICAL TERM
Topical term or geographic name entry element Fantasy fiction.
Source of heading or term genre.
942 ## - ADDED ENTRY ELEMENTS (KOHA)
Source of classification or shelving scheme
Koha item type Books - Fiction
Holdings
Withdrawn status Lost status Source of classification or shelving scheme Damaged status Not for loan Collection code Permanent Location Current Location Shelving location Date acquired Full call number Barcode Date last seen Price effective from Koha item type
          Fiction KH8 Senior School Library KH8 Senior School Library Fiction 2025-06-18 FIC LU 3KHSL000102296 2025-06-18 2025-06-18 Books - Fiction

Powered By KH8 IT Dept